LEADER 00918nam0 2200301 450 001 000000798 005 20081107102504.0 010 $a88-08-14314-7 100 $a20000224d1995----km-y0itay50------ba 101 1 $aita 102 $aIT 200 1 $aProgrammazione strutturata in Fortran 77$econ elementi di Fortran 90$fT.M.R. Ellis 205 $a2. ed. 210 $aBologna$cZanichelli$d1995 215 $a531 p.$cill.$d24 cm 225 2 $aSCS 314 $aTrad. di Daniela Giacomelli 410 0$12001$aSCS 500 10$aFortran 77 programming$m$952040 610 1 $aElaboratori elettronici$aLinguaggio Fortran 676 $a005.13 700 1$aEllis,$bT.M.R.$0439396 801 0$aIT$bUNIPARTHENOPE$gRICA$2UNIMARC 912 $a000000798 951 $cPIST$aP1 001-P/6$b32349$d20000224 951 $aM 005.133$bM 1262$cDSA$d2008 996 $aFortran 77 programming$952040 997 $aUNIPARTHENOPE LEADER 01204nam0 2200325 450 001 000034197 005 20130411121801.0 010 $a9788875780982 100 $a20130116d2008----km-y0itaa50------ba 101 0 $aita 102 $aIT 200 1 $aFatti di musica$ela scienza di un'ossessione umana$fDaniel J. Levitin$gtraduzione di Susanna Bourlot 210 $aTorino$cCodice$d2008 215 $aXXVII, 273 p.$cill.$d22 cm 300 $aIn cop. : prefazione di Wu Ming 2 454 1$12001$aThis is your brain on music.$925241 606 1 $aMusica$xPsicologia 676 $a781.11$v(22. ed.)$9Musica. Principi psicologici 700 1$aLevitin,$bDaniel J.$0446246 702 1$aBourlot,$bSusanna 801 0$aIT$bUniversità della Basilicata - B.I.A.$gRICA$2unimarc 912 $a000034197 996 $aThis is your brain on music$925241 997 $aUNIBAS CAT $aMDL$b00$c20130116$lBAS01$h1653 CAT $aEXT014$b01$c20130409$lBAS01$h1448 CAT $aEXT014$b01$c20130410$lBAS01$h0907 CAT $aATR$b00$c20130411$lBAS01$h1218 FMT Z30 -1$lBAS01$LBAS01$mBOOK$1BASA4$APolo di Matera$2DID$BDidattica$3MSR/L111701$6L111701$5L111701$820130409$f04$FPrestabile Didattica